| 000 | 00365nam a2200145 a 4500 | ||
|---|---|---|---|
| 008 | 971030s1968||||xx 0 und c | ||
| 040 |
_aSNK _bslo _cSNK _eAACR2 |
||
| 100 | 1 | _aLondon, Jack | |
| 245 | 1 | 0 | _aMesačné údolie |
| 260 |
_aBratislava _bVydavateľstvo politickej literatúry _c1968 |
||
| 300 | _a505 s. | ||
| 044 |
_axo _cSK |
||
| 041 | _aslo | ||
| 020 | _c25 | ||
| 999 |
_c12087 _d12087 |
||